Moravští juristé mezi Prahou a Vídní na počátku 20. století: pokus o příspěvek k národnostní mapě státního úřednictva
| Titel: | Moravští juristé mezi Prahou a Vídní na počátku 20. století: pokus o příspěvek k národnostní mapě státního úřednictva |
|---|---|
| Verfasser: | |
| In: |
JUDr. Václav Kounic a jeho doba, (2009), Seite 345-353 alle Artikel anzeigen |
| Veröffentlicht: | 2009 |
| Format: | Aufsatz |
| Sprache: | Tschechisch |
X
alg: 39348365
001A $01999:12-11-16
001B $01999:28-04-17 $t15:55:07.000
001D $01999:12-11-16
001U $0utf8
001X $00
002@ $0Aox
003@ $0393483657
007A $0393483657 $aHEB
007T $0Herdpp153506
010@ $acze
011@ $a2009
021A $aMoravští juristé mezi Prahou a Vídní na počátku 20. století: pokus o příspěvek k národnostní mapě státního úřednictva
028A $aVyskočil $dAleš
031A $h345-353 $j2009
037A $aRés. něm. s. 353: Die mährischen Juristen zwischen Prag und Wien am Beginn des 20. Jahrhunderts: Ein Versuch für einen Beitrag zur Zeichnung der ethnisch-nationalen Karte der staatlichen Beamtenschaft
039B $aIn $8--Aau--. JUDr. Václav Kounic a jeho doba. - Vyd. 1.. - Brno : Matice Moravská {[u.a.], 2009. - 359, XLVIII S.. - Ill.. - ISBN 978-80-86488-61-5 $x200900000000000655 $9245963596
lok: 39348365 78
exp: 39348365 78 1 #EPN
201B/01 $021-12-17 $t23:22:17.000
201U/01 $0utf8
203@/01 $0789594099
208@/01 $a12-11-16 $be
209A/01 $a/ $f000 $x00
220C/01 $aHerkunft: Hú Av Čr Praha
244Z/01 $#Tschechien $#Tschechische Republik $#Tschechische Republik $#Tschechenland $#Tschechei Tschechien $#Česká Republika $#Czech Republic $#ČR $74303381-7 $8--Tg1--Tschechien $x01 $9086659812
244Z/01 $2Trx $#Böhmen $#Bohemia $#Czechy $8--Trx--Čechy $x02 $9391188941
244Z/01 $#Prag $#Hlavni Město Praha $#Hauptstadt Prag $#Prag Kraj $#Bezirk Prag $#Praha $#Prague $#Praga $#Praag $74076310-9 $8--Tg1--Prag $x03 $9085216283
244Z/01 $#Wienn $#Viedeň $#Vinna $#Wiedeń Wien $#Vena $#Wienna $#Vin $#Biennē $#Viennē $#Wīn $#Bécs $#Vídeň $#Vjenë $#Dunaj $#Wenia $#Bundesland Wien $#Land Wien $#Stadt Wien $#Bundeshauptstadt Wien $#Bundesunmittelbare Stadt Wien $#Kaiserlich-Königliche Reichshaupt- und Residenzstadt Wien $#K.K. Reichshaupt- und Residenzstadt Wien $#Reichshaupt- und Residenzstadt Wien $#Reichsgau Wien $#Vienna $#Vienne Österreich $#Beč $#Viena $#Bécs $#Vindobona Wien $#Vienna Pannoniae $#Vindobona $#Vienna Austriae $#Vienne $#Gemeinde Wien $#Vienna Fluviorum $74066009-6 $8--Tgz--Wien $x04 $9085185515
244Z/01 $aGeschichte 1882-1900 $x05
244Z/01 $2Trx $#tudengid $#studentai $#students $#diákok $#studenci $#študenti $#studenti $8--Trx--Studenten $x06 $939137107X
244Z/01 $2Trx $#ametnikud $#valdininkai $#administrators $#alkalmazott $#urzędnicy $#úradníci $#úředníci $8--Trx--Beamte $x07 $9391380516
244Z/01 $2Trx $#ülikoolid $#universitetai $#universitāte $#Universities $#egyetemek $#uniwersytety $#univerzity $#univerzity $#Hochschulen $#vysoké školy $8--Trx--Universitäten $x08 $9391373862
244Z/01 $2Trx $#juristid $#teisininkai $#jurists $#jogászok $#prawnicy $#právnici $#právníci $#Kanonisten $#Richter $#Rechtsanwälte $#kanoniści $#sędziowie $#adwokaci $#kanonisti $#sudci $#advokáti $#advokáti $8--Trx--Juristen $x09 $9391369474
244Z/01 $2Trx $8--Trx--Einzelbeiträge $x10 $9391384570
247C/01 $82080>Marburg/Lahn, Herder-Institut, Forschungsbibliothek, Bibliographieportal $9336309341
| LEADER | 00000caa a22000002c 4500 | ||
|---|---|---|---|
| 001 | 393483657 | ||
| 003 | DE-603 | ||
| 005 | 20170428155507.0 | ||
| 007 | tu | ||
| 008 | 161112s2009 xx |||| | u00||u|cze c | ||
| 035 | |a (DE-599)HEB393483657 | ||
| 040 | |a DE-603 |b ger |c DE-603 |d DE-603 | ||
| 041 | |a cze | ||
| 100 | 1 | |a Vyskočil, Aleš | |
| 245 | 0 | 0 | |a Moravští juristé mezi Prahou a Vídní na počátku 20. století: pokus o příspěvek k národnostní mapě státního úřednictva |
| 264 | 0 | |c 2009 | |
| 500 | |a Rés. něm. s. 353: Die mährischen Juristen zwischen Prag und Wien am Beginn des 20. Jahrhunderts: Ein Versuch für einen Beitrag zur Zeichnung der ethnisch-nationalen Karte der staatlichen Beamtenschaft | ||
| 773 | 0 | 8 | |i In |t JUDr. Václav Kounic a jeho doba |b Vyd. 1. |d Brno : Matice Moravská [u.a.], 2009 |h 359, XLVIII S., Ill. |z 9788086488615 |z 8086488616 |g (2009), Seite 345-353 |w (DE-603)245963596 |
| 924 | 0 | |9 2080 |a (DE-603)789594099 |b DE-2080 |c HES |d d |g / | |


